00503nam a22001457a 4500003000900000008004100009040007100050082001800121100003000139245004400169260001900213300002600232505006900258650003000327AR-CdUCM190307b ||||| |||| 00| 0 spa d aMUNICIPALIDAD PROVINCIAL DEL CUSCOcBIBLIOTECA MUNICIPAL DEL CUSCO a869.55 /bC55 aCisneros, Luis Benjamín aDe libres alas :bPoesías completas / aLima :bRosay, a214 paginas ;c20 cm. aContenido : El poeta -- Su vida -- Su obra -- De libres alas ... aPoesía latinoamericana